| 000 | 00442nam a2200169Ia 4500 | ||
|---|---|---|---|
| 008 | 230711s9999||||xx |||||||||||||| ||und|| | ||
| 020 | _a978-93-85965-55-5 | ||
| 041 | _aENG | ||
| 082 |
_a330 _bCH-B |
||
| 100 | _aChandra Prasanna | ||
| 245 | 0 | _aBehavioural finance | |
| 250 | _a1st Ed. | ||
| 260 |
_c2016 _aNew Delhi _bMcGraw Hill Education(India) Private Limited |
||
| 300 | _a14.29p. | ||
| 650 | _aUNIVESITY BUSNIESS SCHOOL | ||
| 942 | _cBK | ||
| 999 |
_c6418 _d6418 |
||